<?xml version="1.0" encoding="UTF-8"?>
<record
    xmlns:xsi="http://www.w3.org/2001/XMLSchema-instance"
    xsi:schemaLocation="http://www.loc.gov/MARC21/slim http://www.loc.gov/standards/marcxml/schema/MARC21slim.xsd"
    xmlns="http://www.loc.gov/MARC21/slim">

  <leader>05784cam a22006254i 4500</leader>
  <controlfield tag="003">PE-LiUPU</controlfield>
  <controlfield tag="005">20250731170443.0</controlfield>
  <controlfield tag="008">150625s2006    sp      r     000 0 spa d</controlfield>
  <datafield tag="020" ind1=" " ind2=" ">
    <subfield code="a">8474329264</subfield>
  </datafield>
  <datafield tag="020" ind1=" " ind2=" ">
    <subfield code="a">9788474329261</subfield>
  </datafield>
  <datafield tag="035" ind1=" " ind2=" ">
    <subfield code="a">(Sirsi) i9788474329261</subfield>
  </datafield>
  <datafield tag="040" ind1=" " ind2=" ">
    <subfield code="a">PE-LiUPU</subfield>
    <subfield code="b">spa</subfield>
    <subfield code="c">PE-LiUPU</subfield>
    <subfield code="e">rda</subfield>
  </datafield>
  <datafield tag="049" ind1=" " ind2=" ">
    <subfield code="a">PRUA</subfield>
  </datafield>
  <datafield tag="082" ind1="0" ind2="4">
    <subfield code="a">159.922</subfield>
    <subfield code="b">C99</subfield>
    <subfield code="2">21</subfield>
  </datafield>
  <datafield tag="100" ind1="1" ind2=" ">
    <subfield code="a">Cyrulnik, Boris,</subfield>
    <subfield code="e">autor.</subfield>
  </datafield>
  <datafield tag="245" ind1="1" ind2="4">
    <subfield code="a">Los patitos feos la resiliencia :</subfield>
    <subfield code="b">una infancia infeliz no determina la vida /</subfield>
    <subfield code="c">Boris Cyrulnik.</subfield>
  </datafield>
  <datafield tag="250" ind1=" " ind2=" ">
    <subfield code="a">8a edici&#xF3;n.</subfield>
  </datafield>
  <datafield tag="264" ind1=" " ind2="1">
    <subfield code="a">Barcelona :</subfield>
    <subfield code="b">Gedisa,</subfield>
    <subfield code="c">2006.</subfield>
  </datafield>
  <datafield tag="300" ind1=" " ind2=" ">
    <subfield code="a">238 p&#xE1;ginas ;</subfield>
    <subfield code="c">23 cent&#xED;metros.</subfield>
  </datafield>
  <datafield tag="336" ind1=" " ind2=" ">
    <subfield code="a">text</subfield>
    <subfield code="2">rdacontent</subfield>
  </datafield>
  <datafield tag="337" ind1=" " ind2=" ">
    <subfield code="a">unmediated</subfield>
    <subfield code="2">rdamedia</subfield>
  </datafield>
  <datafield tag="338" ind1=" " ind2=" ">
    <subfield code="a">volume</subfield>
    <subfield code="2">rdacarrier</subfield>
  </datafield>
  <datafield tag="490" ind1="0" ind2=" ">
    <subfield code="a">Colecci&#xF3;n Psicolog&#xED;a</subfield>
  </datafield>
  <datafield tag="504" ind1=" " ind2=" ">
    <subfield code="a">Bibliograf&#xED;a: p&#xE1;ginas 217-238.</subfield>
  </datafield>
  <datafield tag="505" ind1="0" ind2=" ">
    <subfield code="a">Cuando uno est&#xE1; muerto y surge el oculto tiempo de los recuerdos -- La m&#xF3;rbida amabilidad del peque&#xF1;o pelirrojo -- La creatividad de los descarriados -- Los lisiados por el pasado pueden darnos lecciones -- Hay que aprender a observar para evitar la venenosa belleza de las met&#xE1;foras -- La oruga -- El temperamento o la rebeld&#xED;a de los &#xE1;ngeles -- La triste historia del espermatozoide de Layo y el &#xF3;vulo de Yocasta -- Gracias a nuestros progresos, hemos evolucionado, pasando de la cultura de la culpa a la cultura del prejuicio -- De c&#xF3;mo aprender a bailar los fetos -- En donde se aprecia que la boca del feto revela la angustia de la madre -- Hacer que nazca un ni&#xF1;o no basta, tambi&#xE9;n hay que traerlo al mundo -- Los reci&#xE9;n nacidos no pueden ir a parar a ning&#xFA;n otro sitio que no sea la historia de sus padres -- Cuando el marco en el que se desenvuelve el reci&#xE9;n nacido es en realidad un tri&#xE1;ngulo compuesto por sus padres y por &#xE9;l mismo -- El pap&#xE1; payaso y el beb&#xE9; c&#xF3;mico -- Qui&#xE9;reme para que tenga el coraje de abandonarte -- El andamiaje del modo de amar -- Los or&#xED;genes m&#xED;ticos de nuestros modos de amar -- Cuando el estilo efectivo del ni&#xF1;o depende del relato &#xED;ntimo de la madre -- Una madre que recibe apoyo afectivo y tiene sost&#xE9;n social puede ofrecer mejores brazos -- Cuando los gemelos no tienen la misma madre -- En el que se consigue observar c&#xF3;mo se transmite el pensamiento mediante los gestos y los objetos -- El cong&#xE9;nere desconocido:  el descubrimiento del mundo del otro -- Cuando las historias sin palabras permiten compartir los mundos interiores -- De c&#xF3;mo los estereotipos sociales privilegian determinados comportamientos del beb&#xE9; -- El humor no es cosa de risa -- Los fundamentos del andamiaje de la resiliencia -- Cuando la relaci&#xF3;n conjunta echa por tierra el andamiaje -- Se conoce la causa, se conoce el remedio y, sin embargo, todo de agrava -- Virginidad y capitalismo -- Un padre precoz es una rampa de lanzamiento -- Cuando el Estado diluye al padre -- Duelos ruidosos, duelos silenciosos -- Resiliencia y conductas de seducci&#xF3;n -- La Mariposa -- A los monstruos no les gusta el teatro -- &#xBF;Es posible pensar en la carambola ps&#xED;quica? -- La emoci&#xF3;n traum&#xE1;tica es una conmoci&#xF3;n org&#xE1;nica provocada por la idea que se tiene del agresor -- Lo que otorga al golpe su poder para provocar traumas es el estilo de desarrollo de la persona herida -- La adaptaci&#xF3;n que protege no siempre constituye un factor de resiliencia -- Cuando un combate heroico se convierte en un mito fundador -- Sin culpabilidad no hay moralidad -- Robar o dar para sentirse fuerte -- Las quimeras del pasado son ciertas, al modo en que son ciertas las quimeras -- Cuando un recuerdo concreto se ve rodeado por la bruma, hace que el pasado sea soportable y hermoso -- Las ordal&#xED;as secretas y la reinserci&#xF3;n social -- Una declaraci&#xF3;n de guerra contra los ni&#xF1;os -- Actuar y comprender para no sufrir -- Cuando la guerra hace que prendan algunas llamitas de resiliencia -- El devastador efecto de una agresi&#xF3;n sexual depende mucho de la distancia afectiva -- La posibilidad de resiliencia tras una agresi&#xF3;n sexual depende mucho de las reacciones emocionales del entorno -- Cuando el trabajo del sue&#xF1;o dormido se incorpora a nuestra memoria y nos gobierna, el trabajo del sue&#xF1;o despierto nos permite recuperar el control -- Cuando la negaci&#xF3;n consciente protege al sue&#xF1;o y cuando la impresi&#xF3;n traum&#xE1;tica conlleva una reminiscencia on&#xED;rica -- La civilizaci&#xF3;n del fantasma lleva aparejada una creatividad que repara -- Las culturas normativas erradican la imaginaci&#xF3;n -- El talento consiste en exponer la propia prueba mediante una grata intriga -- Aprender sin darse cuenta -- La falsificaci&#xF3;n creadora transforma la magulladura en organizador del Yo.</subfield>
  </datafield>
  <datafield tag="526" ind1=" " ind2=" ">
    <subfield code="a">SEG68</subfield>
  </datafield>
  <datafield tag="526" ind1=" " ind2=" ">
    <subfield code="a">SEG70</subfield>
  </datafield>
  <datafield tag="526" ind1=" " ind2=" ">
    <subfield code="a">SEG69</subfield>
  </datafield>
  <datafield tag="526" ind1=" " ind2=" ">
    <subfield code="a">SEG67</subfield>
  </datafield>
  <datafield tag="526" ind1=" " ind2=" ">
    <subfield code="a">SEG43</subfield>
  </datafield>
  <datafield tag="526" ind1=" " ind2=" ">
    <subfield code="a">P144</subfield>
  </datafield>
  <datafield tag="526" ind1=" " ind2=" ">
    <subfield code="a">P143</subfield>
  </datafield>
  <datafield tag="526" ind1=" " ind2=" ">
    <subfield code="a">P131</subfield>
  </datafield>
  <datafield tag="526" ind1=" " ind2=" ">
    <subfield code="a">P122</subfield>
  </datafield>
  <datafield tag="526" ind1=" " ind2=" ">
    <subfield code="a">P120</subfield>
  </datafield>
  <datafield tag="526" ind1=" " ind2=" ">
    <subfield code="a">P117</subfield>
  </datafield>
  <datafield tag="526" ind1=" " ind2=" ">
    <subfield code="a">P112</subfield>
  </datafield>
  <datafield tag="526" ind1=" " ind2=" ">
    <subfield code="a">P110</subfield>
  </datafield>
  <datafield tag="526" ind1=" " ind2=" ">
    <subfield code="a">P106</subfield>
  </datafield>
  <datafield tag="526" ind1=" " ind2=" ">
    <subfield code="a">P101</subfield>
  </datafield>
  <datafield tag="526" ind1=" " ind2=" ">
    <subfield code="a">P80</subfield>
  </datafield>
  <datafield tag="526" ind1=" " ind2=" ">
    <subfield code="a">P59</subfield>
  </datafield>
  <datafield tag="526" ind1=" " ind2=" ">
    <subfield code="a">P54</subfield>
  </datafield>
  <datafield tag="526" ind1=" " ind2=" ">
    <subfield code="a">P35</subfield>
  </datafield>
  <datafield tag="526" ind1=" " ind2=" ">
    <subfield code="a">P33</subfield>
  </datafield>
  <datafield tag="526" ind1=" " ind2=" ">
    <subfield code="a">P30</subfield>
  </datafield>
  <datafield tag="541" ind1=" " ind2=" ">
    <subfield code="g">001-00269356;</subfield>
  </datafield>
  <datafield tag="650" ind1="0" ind2="4">
    <subfield code="a">Ni&#xF1;os</subfield>
    <subfield code="x">Problemas emocionales.</subfield>
  </datafield>
  <datafield tag="650" ind1="0" ind2="4">
    <subfield code="a">Psicolog&#xED;a infantil.</subfield>
  </datafield>
  <datafield tag="942" ind1=" " ind2=" ">
    <subfield code="2">ddc</subfield>
    <subfield code="c">BOOK</subfield>
  </datafield>
  <datafield tag="949" ind1=" " ind2=" ">
    <subfield code="a">159.922 C99</subfield>
    <subfield code="w">DEWEY</subfield>
    <subfield code="c">1</subfield>
    <subfield code="i">58785</subfield>
    <subfield code="d">2016-3-20</subfield>
    <subfield code="e">2016-3-16</subfield>
    <subfield code="l">CCODEBUL1</subfield>
    <subfield code="m">BUL</subfield>
    <subfield code="n">7</subfield>
    <subfield code="p">23.00</subfield>
    <subfield code="r">0</subfield>
    <subfield code="s">Y</subfield>
    <subfield code="t">BOOK</subfield>
    <subfield code="u">2015-6-25</subfield>
    <subfield code="x">EDUCACION</subfield>
    <subfield code="P">P20</subfield>
    <subfield code="0">COMPRA</subfield>
    <subfield code="o">.STAFF. Colecci&#xF3;n Ciencias Humanas y Educaci&#xF3;n</subfield>
  </datafield>
  <datafield tag="994" ind1=" " ind2=" ">
    <subfield code="a">C0</subfield>
    <subfield code="b">PEPRU</subfield>
  </datafield>
  <datafield tag="596" ind1=" " ind2=" ">
    <subfield code="a">1</subfield>
  </datafield>
  <datafield tag="999" ind1=" " ind2=" ">
    <subfield code="a">159.922 C99</subfield>
    <subfield code="w">DEWEY</subfield>
    <subfield code="c">47645</subfield>
    <subfield code="i">58785</subfield>
    <subfield code="d">47645</subfield>
    <subfield code="e">2016-3-16</subfield>
    <subfield code="f">2021-11-8</subfield>
    <subfield code="g">6</subfield>
    <subfield code="l">CCODEBUL1</subfield>
    <subfield code="m">BUL</subfield>
    <subfield code="n">7</subfield>
    <subfield code="p">23.00</subfield>
    <subfield code="r">0</subfield>
    <subfield code="s">Y</subfield>
    <subfield code="t">BOOK</subfield>
    <subfield code="u">2015-6-25</subfield>
    <subfield code="x">EDUCACION</subfield>
    <subfield code="P">P20</subfield>
    <subfield code="0">COMPRA</subfield>
    <subfield code="o">.STAFF. Colecci&#xF3;n Ciencias Humanas y Educaci&#xF3;n</subfield>
  </datafield>
  <datafield tag="980" ind1=" " ind2=" ">
    <subfield code="8">1</subfield>
    <subfield code="g">ALBERTO SANCHEZ Responsable de Automatizaci&#xF3;n</subfield>
  </datafield>
  <datafield tag="952" ind1=" " ind2=" ">
    <subfield code="r">2026-04-23 08:09:11</subfield>
    <subfield code="i">7</subfield>
    <subfield code="l">11</subfield>
    <subfield code="o">159.922 C99</subfield>
    <subfield code="p">58785</subfield>
    <subfield code="q">2027-10-07</subfield>
    <subfield code="s">2026-04-23</subfield>
    <subfield code="t">e1</subfield>
    <subfield code="v">28.00</subfield>
    <subfield code="w">2015-06-25</subfield>
    <subfield code="x">FACIHED</subfield>
    <subfield code="y">BK</subfield>
    <subfield code="z">inventario-2023-12-13</subfield>
    <subfield code="1">0</subfield>
    <subfield code="2">ddc</subfield>
    <subfield code="5">0</subfield>
    <subfield code="7">0</subfield>
    <subfield code="8">GEN</subfield>
    <subfield code="f">P20</subfield>
    <subfield code="a">BUL</subfield>
    <subfield code="b">BUL</subfield>
    <subfield code="c">GEN</subfield>
    <subfield code="d">2015-06-25</subfield>
    <subfield code="e">COMPRA</subfield>
    <subfield code="g">23.00</subfield>
  </datafield>
</record>
